[Event "Belgrade Serbia op"]
[Site "Belgrade"]
[Date "2023.07.24"]
[Round "9"]
[White "Teo, Hong Ming"]
[Black "Shahil, Dey"]
[Result "0-1"]
[WhiteElo "1939"]
[BlackElo "2333"]
[PlyCount "68"]
[EventDate "2023.07.16"]
[EventType "swiss"]
[EventRounds "9"]
[EventCountry "SRB"]
[SourceTitle "CBM 215 Extra"]
[Source "ChessBase"]
[SourceDate "2023.09.30"]
[SourceVersion "1"]
[SourceVersionDate "2023.09.30"]
[SourceQuality "1"]

1. d4 Nf6 2. c4 e6 3. Nc3 Bb4 4. e3 0-0 5. Bd3 d5 6. a3 Bxc3+ 7. bxc3 c5 8. cxd5 exd5 9. Ne2 b6 10. 0-0 Ba6 11. f3 Re8 12. Ng3 Bxd3 13. Qxd3 Nc6 14. Bb2 Na5 15. Rae1 Qc7 16. e4 cxd4 17. cxd4 Qc4 18. Qd2 Qa2 19. e5 Nc4 20. Qg5 h6 21. Qh4 Qxb2 22. exf6 Qd2 23. Nf5 Qg5 24. Qxg5 hxg5 25. fxg7 Nxa3 26. Ra1 Nc2 27. Rac1 Ne3 28. Nxe3 Rxe3 29. Rc7 a5 30. Rb1 a4 31. Rxb6 a3 32. Rc1 a2 33. Ra1 Re2 34. Rb5 Rae8 0-1

[Event "Belgrade Serbia op"]
[Site "Belgrade"]
[Date "2023.07.22"]
[Round "7"]
[White "Teo, Hong Ming"]
[Black "Babakekhyan, Artem"]
[Result "1-0"]
[WhiteElo "1939"]
[BlackElo "2264"]
[PlyCount "67"]
[EventDate "2023.07.16"]
[EventType "swiss"]
[EventRounds "9"]
[EventCountry "SRB"]
[SourceTitle "CBM 215 Extra"]
[Source "ChessBase"]
[SourceDate "2023.09.30"]
[SourceVersion "1"]
[SourceVersionDate "2023.09.30"]
[SourceQuality "1"]

1. d4 Nf6 2. c4 g6 3. Nc3 d5 4. cxd5 Nxd5 5. Bd2 Nb6 6. e4 Bg7 7. Be3 0-0 8. Bb5 c6 9. Be2 e5 10. dxe5 Bxe5 11. Qc2 Be6 12. Rd1 Qc8 13. h4 Bc4 14. Nf3 Bh8 15. h5 Rd8 16. Rxd8+ Qxd8 17. Bxb6 axb6 18. Bxc4 b5 19. Bb3 g5 20. 0-0 g4 21. Rd1 Nd7 22. Nd4 Qg5 23. Nf5 Nc5 24. Ne2 Nxb3 25. Qxb3 Qxh5 26. Nf4 Qg5 27. Rd7 Rf8 28. Ne6 Qc1+ 29. Rd1 Qxd1+ 30. Qxd1 fxe6 31. Nh6+ Kg7 32. Nxg4 Kg6 33. Qd6 Re8 34. Qd2 1-0

[Event "Belgrade Serbia op"]
[Site "Belgrade"]
[Date "2023.07.20"]
[Round "5"]
[White "Teo, Hong Ming"]
[Black "Antova, Gabriela"]
[Result "1-0"]
[WhiteElo "1939"]
[BlackElo "2240"]
[PlyCount "66"]
[EventDate "2023.07.16"]
[EventType "swiss"]
[EventRounds "9"]
[EventCountry "SRB"]
[SourceTitle "CBM 215 Extra"]
[Source "ChessBase"]
[SourceDate "2023.09.30"]
[SourceVersion "1"]
[SourceVersionDate "2023.09.30"]
[SourceQuality "1"]

1. d4 d5 2. c4 c6 3. Nc3 Nf6 4. e3 e6 5. Nf3 Nbd7 6. Qc2 Bd6 7. Bd3 0-0 8. 0-0 dxc4 9. Bxc4 b5 10. Be2 Bb7 11. e4 e5 12. dxe5 Nxe5 13. Nd4 Neg4 14. Nf5 Bxh2+ 15. Kh1 Bb8 16. Bg5 b4 17. Na4 c5 18. Qxc5 Qc7 19. Qxc7 Bxc7 20. f3 h6 21. Bh4 g5 22. Be1 Ne5 23. Bxb4 Rfb8 24. Bc3 Nh5 25. Rfd1 Kh7 26. Kg1 Nf4 27. Bf1 g4 28. Nd6 Bxd6 29. Rxd6 Neg6 30. Rd7 Kg8 31. Bc4 Bc6 32. Rxf7 Ne2+ 33. Kf1 Nxc3 1-0

[Event "Paracin op 16th"]
[Site "Paracin"]
[Date "2023.07.14"]
[Round "8"]
[White "Raahul, VS."]
[Black "Teo, Hong Ming"]
[Result "0-1"]
[WhiteElo "2319"]
[BlackElo "1939"]
[PlyCount "70"]
[EventDate "2023.07.07"]
[EventType "swiss"]
[EventRounds "9"]
[EventCountry "SRB"]
[SourceTitle "EXT 2024"]
[Source "ChessBase"]
[SourceDate "2023.10.10"]
[SourceVersion "1"]
[SourceVersionDate "2023.10.10"]
[SourceQuality "1"]

1. c4 e6 2. Nc3 d5 3. d4 Nf6 4. cxd5 exd5 5. Bg5 c6 6. e3 Bd6 7. Qc2 0-0 8. Bd3 h6 9. Bh4 Re8 10. Nge2 a5 11. h3 Na6 12. a3 Nc7 13. 0-0 Ne6 14. f3 Ng5 15. e4 Nfxe4 16. fxe4 Nxh3+ 17. gxh3 Qxh4 18. e5 Rxe5 19. dxe5 Bc5+ 20. Nd4 Bxd4+ 21. Kh1 Qxh3+ 22. Qh2 Qxd3 23. Rad1 Qh3 24. Rfe1 Qxh2+ 25. Kxh2 Bxc3 26. bxc3 Bf5 27. a4 Be4 28. c4 Re8 29. cxd5 cxd5 30. Rd2 Rxe5 31. Rb2 d4 32. Rd2 d3 33. Rxd3 Rh5+ 34. Rh3 Rxh3+ 35. Kxh3 Bc6 0-1

[Event "Paracin op 16th"]
[Site "Paracin"]
[Date "2023.07.11"]
[Round "5"]
[White "Teo, Hong Ming"]
[Black "Harshad, S."]
[Result "1/2-1/2"]
[WhiteElo "1939"]
[BlackElo "2222"]
[PlyCount "52"]
[EventDate "2023.07.07"]
[EventType "swiss"]
[EventRounds "9"]
[EventCountry "SRB"]
[SourceTitle "EXT 2024"]
[Source "ChessBase"]
[SourceDate "2023.10.10"]
[SourceVersion "1"]
[SourceVersionDate "2023.10.10"]
[SourceQuality "1"]

1. d4 Nf6 2. c4 e6 3. Nc3 Bb4 4. e3 0-0 5. Bd2 d5 6. Nf3 b6 7. cxd5 exd5 8. Bd3 Bd6 9. 0-0 Re8 10. Qb1 Bb7 11. b4 Nbd7 12. a4 Ne4 13. Rc1 a6 14. Rc2 Nxd2 15. Rxd2 Nf6 16. Qb3 Qe7 17. b5 a5 18. Rc2 g6 19. Ne2 Nh5 20. Rac1 Rac8 21. Qa2 Kg7 22. Qa1 Ba3 23. Rb1 Bd6 24. Rbc1 Ba3 25. Rb1 Bd6 26. Rbc1 Ba3 1/2-1/2

[Event "Budapest FS05 Nadassy"]
[Site "Budapest"]
[Date "2023.05.11"]
[Round "6.1"]
[White "Teo, Hong Ming"]
[Black "Szalanczy, Emil"]
[Result "1-0"]
[WhiteElo "1871"]
[BlackElo "1981"]
[PlyCount "95"]
[EventDate "2023.05.06"]
[EventType "schev"]
[EventRounds "10"]
[EventCountry "HUN"]
[SourceTitle "CBM 214 Extra"]
[Source "ChessBase"]
[SourceDate "2023.07.31"]
[SourceVersion "1"]
[SourceVersionDate "2023.07.31"]
[SourceQuality "1"]
[WhiteTeam "B Team Lower Elo"]
[BlackTeam "A Team Higher Elo"]
[WhiteTeamCountry "HUN"]
[BlackTeamCountry "HUN"]

1. d4 Nf6 2. c4 g6 3. Nc3 d5 4. cxd5 Nxd5 5. Bd2 Bg7 6. e4 Nb6 7. Be3 0-0 8. a4 Nc6 9. a5 Nd7 10. Nf3 e5 11. d5 Ne7 12. Qb3 Kh8 13. h4 Nf6 14. h5 Nxh5 15. 0-0-0 Bg4 16. Qxb7 a6 17. Be2 Qd6 18. Qb3 Rab8 19. Qa3 Qxa3 20. bxa3 Rb3 21. Kc2 Rxa3 22. Bc5 Rxc3+ 23. Kxc3 Nf4 24. Bxe7 Nxe2+ 25. Kd2 Re8 26. Kxe2 Rxe7 27. Rb1 h5 28. Kd3 Bh6 29. Rb7 Kg7 30. Nd2 Bg5 31. Rc1 Bd7 32. Rcxc7 Bb5+ 33. Kc3 Rxc7+ 34. Rxc7 h4 35. Nc4 Bd8 36. Rc8 Bf6 37. Nd6 g5 38. Nxb5 g4 39. Nd6 h3 40. gxh3 gxh3 41. Nf5+ Kg6 42. Rg8+ Kh5 43. Rg3 Bd8 44. Rxh3+ Kg4 45. Rg3+ Kf4 46. Kb4 Kxe4 47. Nd6+ Kxd5 48. Nxf7 1-0

[Event "SGP-ch 74th"]
[Site "Singapore"]
[Date "2023.01.28"]
[Round "2"]
[White "Teo, Hong Ming"]
[Black "Wong, Zhenyong Jayden"]
[Result "0-1"]
[WhiteElo "1872"]
[BlackElo "2292"]
[PlyCount "70"]
[EventDate "2023.01.27"]
[EventType "swiss"]
[EventRounds "9"]
[EventCountry "SIN"]
[SourceTitle "CBM 212 Extra"]
[Source "ChessBase"]
[SourceDate "2023.03.31"]
[SourceVersion "1"]
[SourceVersionDate "2023.03.31"]
[SourceQuality "1"]

1. d4 Nf6 2. c4 e6 3. Nc3 Bb4 4. e3 0-0 5. Bd2 d5 6. Nf3 b6 7. cxd5 exd5 8. Rc1 Bb7 9. Bd3 Be7 10. 0-0 c5 11. Be1 Nc6 12. Ne5 Bd6 13. Ng4 cxd4 14. exd4 Re8 15. Bb5 Rc8 16. Ne3 a6 17. Bxc6 Bxc6 18. Nf5 Bf8 19. Bd2 b5 20. Bg5 b4 21. Nb1 Bb5 22. Re1 Rxc1 23. Qxc1 Rxe1+ 24. Qxe1 Bd3 25. Ne3 Qb6 26. Qd1 Bxb1 27. Qxb1 Ne4 28. Nxd5 Qxd4 29. Ne7+ Bxe7 30. Bxe7 Nxf2 31. Qf1 Nd3+ 32. Kh1 Qxb2 33. h3 Qc1 34. Kg1 Qxf1+ 35. Kxf1 Nc1 0-1

[Event "Johor op-A 7th"]
[Site "Johor"]
[Date "2022.12.28"]
[Round "4"]
[White "Dau, Khuong Duy"]
[Black "Teo, Hong Ming"]
[Result "1-0"]
[WhiteElo "2244"]
[BlackElo "1928"]
[PlyCount "69"]
[EventDate "2022.12.26"]
[EventType "swiss"]
[EventRounds "9"]
[EventCountry "MAS"]
[SourceTitle "CBM 212 Extra"]
[Source "ChessBase"]
[SourceDate "2023.03.31"]
[SourceVersion "1"]
[SourceVersionDate "2023.03.31"]
[SourceQuality "1"]

1. e4 c5 2. Nf3 d6 3. d4 cxd4 4. Nxd4 Nf6 5. Nc3 Nc6 6. Bg5 e6 7. f3 h6 8. Be3 d5 9. Bb5 Qc7 10. exd5 exd5 11. Qd2 Bb4 12. a3 Ba5 13. Nb3 Bxc3 14. Qxc3 0-0 15. 0-0-0 a6 16. Bd3 Re8 17. Rde1 Bd7 18. Bd4 Qf4+ 19. Qd2 Qd6 20. g4 Nh7 21. h4 Nf8 22. Bc5 Qc7 23. Kb1 Ne6 24. Bf2 Rad8 25. f4 Nf8 26. f5 d4 27. g5 h5 28. g6 fxg6 29. fxg6 b5 30. Nxd4 Nxd4 31. Bxd4 Ne6 32. Be5 Qc5 33. Qd1 Nf8 34. Qxh5 Re7 35. Rhg1 1-0

[Event "Johor op-A 7th"]
[Site "Johor"]
[Date "2022.12.28"]
[Round "5"]
[White "Teo, Hong Ming"]
[Black "Lim, Kian Guan"]
[Result "1/2-1/2"]
[WhiteElo "1928"]
[BlackElo "1469"]
[PlyCount "67"]
[EventDate "2022.12.26"]
[EventType "swiss"]
[EventRounds "9"]
[EventCountry "MAS"]
[SourceTitle "CBM 212 Extra"]
[Source "ChessBase"]
[SourceDate "2023.03.31"]
[SourceVersion "1"]
[SourceVersionDate "2023.03.31"]
[SourceQuality "1"]

1. d4 d5 2. c4 c6 3. Nf3 Nf6 4. Qb3 dxc4 5. Qxc4 Bf5 6. g3 e6 7. Bg2 Be7 8. 0-0 0-0 9. e3 Nbd7 10. Nc3 h6 11. Qe2 Ne4 12. Rd1 Rc8 13. Ne1 Nxc3 14. bxc3 Bg6 15. Nd3 Qa5 16. Bd2 Qa6 17. e4 Rfe8 18. Bf4 Bd8 19. Qe3 Qa5 20. Nb2 Nb6 21. Bd6 Be7 22. Bxe7 Rxe7 23. Qd2 Rd7 24. f4 Rcd8 25. Qe3 Qa3 26. Qc1 Bh5 27. Rd3 Be2 28. Re3 Ba6 29. Kf2 Nc4 30. Nxc4 Qxc1 31. Rxc1 Bxc4 32. Bf1 Bxf1 33. Rxf1 c5 34. Rb1 1/2-1/2

[Event "Penang op-A 14th"]
[Site "Penang"]
[Date "2022.12.21"]
[Round "5"]
[White "Lavrov, Maxim"]
[Black "Teo, Hong Ming"]
[Result "1-0"]
[WhiteElo "2376"]
[BlackElo "1928"]
[PlyCount "78"]
[EventDate "2022.12.19"]
[EventType "swiss"]
[EventRounds "9"]
[EventCountry "MAS"]
[SourceTitle "CBM 211 Extra"]
[Source "ChessBase"]
[SourceDate "2023.01.31"]
[SourceVersion "1"]
[SourceVersionDate "2023.01.31"]
[SourceQuality "1"]

1. e4 c5 2. c3 Nf6 3. e5 Nd5 4. Nf3 Nc6 5. Bc4 e6 6. 0-0 d6 7. d4 cxd4 8. cxd4 Be7 9. exd6 Bxd6 10. Nc3 0-0 11. Re1 Nxc3 12. bxc3 b6 13. Bd3 Be7 14. Qc2 g6 15. Bh6 Re8 16. Qe2 Bb7 17. Ng5 Qc7 18. Ne4 Na5 19. Bf4 Qd7 20. f3 Rac8 21. Rac1 Nc4 22. Qc2 Bd5 23. Kh1 Rc6 24. Qf2 Rd8 25. Red1 h5 26. Re1 Kg7 27. Nd2 Bf6 28. Bxc4 Bxc4 29. Be5 Kg8 30. Ne4 Be7 31. Qe3 f6 32. Qh6 fxe5 33. Qxg6+ Kf8 34. dxe5 Qd5 35. Nf6 Bxf6 36. Qxf6+ Kg8 37. Qg6+ Kf8 38. Red1 Qxe5 39. Qh6+ Kg8 1-0

[Event "Nova Gorica op-A 26th"]
[Site "Nova Gorica"]
[Date "2022.09.18"]
[Round "5"]
[White "Nyysti, Sampsa"]
[Black "Teo, Hong Ming"]
[Result "0-1"]
[WhiteElo "2363"]
[BlackElo "2013"]
[PlyCount "36"]
[EventDate "2022.09.16"]
[EventType "swiss"]
[EventRounds "9"]
[EventCountry "SLO"]
[SourceTitle "CBM 210 Extra"]
[Source "ChessBase"]
[SourceDate "2022.11.30"]
[SourceVersion "1"]
[SourceVersionDate "2022.11.30"]
[SourceQuality "1"]

1. e4 c5 2. Nf3 d6 3. d4 cxd4 4. Nxd4 Nf6 5. Nc3 Nc6 6. Bg5 e6 7. Qd3 Be7 8. 0-0-0 Qb6 9. Qb5 Qc7 10. Qc4 a6 11. Bd3 Bd7 12. Nxc6 Bxc6 13. f4 b5 14. Qd4 h6 15. Bh4 b4 16. Qxb4 d5 17. Qxe7+ Kxe7 18. e5 Kf8 0-1

[Event "Ustron op-B"]
[Site "Ustron"]
[Date "2022.08.20"]
[Round "9"]
[White "Krasiewicz, Robert"]
[Black "Teo, Hong Ming"]
[Result "1-0"]
[WhiteElo "1947"]
[BlackElo "2009"]
[PlyCount "115"]
[EventDate "2022.08.12"]
[EventType "swiss"]
[EventRounds "9"]
[EventCountry "POL"]
[SourceTitle "CBM 209 Extra"]
[Source "ChessBase"]
[SourceDate "2022.09.30"]
[SourceVersion "1"]
[SourceVersionDate "2022.09.30"]
[SourceQuality "1"]

1. c4 e6 2. g3 d5 3. Bg2 Nf6 4. Nf3 d4 5. 0-0 c5 6. e3 Nc6 7. exd4 cxd4 8. d3 Nd7 9. Re1 Be7 10. Na3 e5 11. Nc2 a5 12. b3 0-0 13. a3 f6 14. Rb1 Rb8 15. b4 axb4 16. axb4 b5 17. Ng5 fxg5 18. Bxc6 bxc4 19. dxc4 Bb7 20. Bxb7 Rxb7 21. Bd2 e4 22. Rxe4 Bf6 23. Nxd4 Nc5 24. bxc5 Rxb1 25. Qxb1 Bxd4 26. Be3 Bxe3 27. Rxe3 Qd2 28. Qe1 Qd4 29. Qb4 Qd1+ 30. Re1 Qc2 31. Rf1 Qe4 32. Qb5 Rf6 33. Rd1 h5 34. c6 Qxc6 35. Qxg5 Qxc4 36. Rd8+ Rf8 37. Rxf8+ Kxf8 38. Qxh5 Kg8 39. Qf3 Qd4 40. Kg2 Qe5 41. h4 Qd4 42. Qc6 Qe5 43. g4 Qd4 44. Qc8+ Kh7 45. Qf5+ Kg8 46. h5 Qc3 47. Qe6+ Kh8 48. Qe8+ Kh7 49. Qg6+ Kh8 50. h6 gxh6 51. Qxh6+ Kg8 52. Qe3 Qc6+ 53. Kg3 Qd6+ 54. f4 Qd1 55. Qe6+ Kg7 56. Kh4 Qf3 57. Kg5 Qd3 58. Qf6+ 1-0

[Event "Ustron op-B"]
[Site "Ustron"]
[Date "2022.08.17"]
[Round "6"]
[White "Teo, Hong Ming"]
[Black "Cichon, Bartlomiej"]
[Result "0-1"]
[WhiteElo "2009"]
[BlackElo "1946"]
[PlyCount "104"]
[EventDate "2022.08.12"]
[EventType "swiss"]
[EventRounds "9"]
[EventCountry "POL"]
[SourceTitle "CBM 209 Extra"]
[Source "ChessBase"]
[SourceDate "2022.09.30"]
[SourceVersion "1"]
[SourceVersionDate "2022.09.30"]
[SourceQuality "1"]

1. d4 Nf6 2. c4 g6 3. Nc3 Bg7 4. e4 d6 5. Be2 0-0 6. Be3 e5 7. d5 Na6 8. g4 Nc5 9. f3 c6 10. h4 h5 11. g5 Nh7 12. b4 Na6 13. a3 cxd5 14. cxd5 f6 15. gxf6 Bxf6 16. Bf2 Bd7 17. Kd2 Nc7 18. Kc2 Qe8 19. Kb2 Nb5 20. Nxb5 Bxb5 21. a4 Bxe2 22. Nxe2 Rf7 23. Rc1 Bg7 24. Rc3 Bh6 25. Rg1 Rg7 26. Qc2 Nf8 27. Ka3 Rd7 28. Nc1 Rdd8 29. Nb3 Rdc8 30. Na5 Qd7 31. Kb3 Kh7 32. b5 Rxc3+ 33. Qxc3 Rc8 34. Qd3 Qc7 35. Be1 Nd7 36. Qc4 Nc5+ 37. Ka3 Qf7 38. Qe2 Rf8 39. Rf1 a6 40. Bb4 b6 41. Nc6 axb5 42. Bxc5 bxc5 43. Qxb5 Qf4 44. a5 Qd2 45. a6 Be3 46. a7 c4 47. Qb7+ Kh6 48. Ka4 Bc5 49. Kb5 c3 50. Ka6 c2 51. a8Q Qd3+ 52. Ka5 Rxa8+ 0-1

[Event "Ustron op-B"]
[Site "Ustron"]
[Date "2022.08.13"]
[Round "2"]
[White "Teo, Hong Ming"]
[Black "Starosta, Martyna"]
[Result "0-1"]
[WhiteElo "2009"]
[BlackElo "1895"]
[PlyCount "74"]
[EventDate "2022.08.12"]
[EventType "swiss"]
[EventRounds "9"]
[EventCountry "POL"]
[SourceTitle "CBM 209 Extra"]
[Source "ChessBase"]
[SourceDate "2022.09.30"]
[SourceVersion "1"]
[SourceVersionDate "2022.09.30"]
[SourceQuality "1"]

1. d4 Nf6 2. c4 e6 3. Nf3 Bb4+ 4. Bd2 Qe7 5. g3 Bxd2+ 6. Qxd2 Nc6 7. Nc3 d5 8. cxd5 exd5 9. Bg2 Bg4 10. 0-0 0-0-0 11. Qf4 Rhe8 12. Rfc1 h6 13. Rc2 g5 14. Qc1 Bxf3 15. exf3 Nxd4 16. Rd2 Nc6 17. Nb5 Qb4 18. a4 a6 19. Bh3+ g4 20. fxg4 axb5 21. g5+ Nd7 22. Rxd5 Nd4 23. Kg2 Nb3 24. Qd1 Nxa1 25. Rxd7 Qe4+ 26. Kg1 Qe1+ 27. Kg2 Rxd7 28. Qxd7+ Kb8 29. axb5 hxg5 30. Bg4 Qe7 31. Qd1 Qb4 32. Bf3 Nb3 33. Qd7 Re1 34. Qxf7 Qxb5 35. Qf8+ Re8 36. Qf6 Nd2 37. Bh5 Qf1# 0-1

[Event "Novi Sad Vojvodina op 12th"]
[Site "Novi Sad"]
[Date "2022.07.29"]
[Round "6"]
[White "Pajcin, Lav"]
[Black "Teo, Hong Ming"]
[Result "1-0"]
[WhiteElo "2289"]
[BlackElo "1898"]
[PlyCount "77"]
[EventDate "2022.07.24"]
[EventType "swiss"]
[EventRounds "9"]
[EventCountry "SRB"]
[SourceTitle "CBM 209 Extra"]
[Source "ChessBase"]
[SourceDate "2022.09.30"]
[SourceVersion "1"]
[SourceVersionDate "2022.09.30"]
[SourceQuality "1"]

1. e4 c5 2. Be2 Nc6 3. d3 g6 4. f4 Bg7 5. Nf3 e6 6. 0-0 Nge7 7. c3 d5 8. Be3 b6 9. e5 d4 10. cxd4 cxd4 11. Bf2 0-0 12. Nbd2 f6 13. exf6 Rxf6 14. g3 Bb7 15. Ne4 Rf8 16. Nfg5 Qd7 17. Qb3 Nd8 18. Bg4 Bd5 19. Qa3 Nf5 20. Bh3 h6 21. Nf3 Nf7 22. Qb4 a5 23. Qd2 Qb7 24. Bg2 Rac8 25. Rfc1 Ne3 26. Bh1 a4 27. h3 Rxc1+ 28. Rxc1 e5 29. Nh4 Kh7 30. Kh2 Rc8 31. Bxe3 dxe3 32. Qxe3 Rxc1 33. Qxc1 Qa6 34. Nc5 Qa8 35. Ne4 Qa6 36. Nf6+ Bxf6 37. Bxd5 Bxh4 38. Qc7 Bxg3+ 39. Kg2 1-0

[Event "Belgrade Gligoric Memorial"]
[Site "Belgrade"]
[Date "2022.07.19"]
[Round "4"]
[White "Teo, Hong Ming"]
[Black "Yordanov, Lachezar"]
[Result "0-1"]
[WhiteElo "1898"]
[BlackElo "2316"]
[PlyCount "66"]
[EventDate "2022.07.17"]
[EventType "swiss"]
[EventRounds "9"]
[EventCountry "SRB"]
[SourceTitle "CBM 209 Extra"]
[Source "ChessBase"]
[SourceDate "2022.09.30"]
[SourceVersion "1"]
[SourceVersionDate "2022.09.30"]
[SourceQuality "1"]

1. d4 Nf6 2. c4 e6 3. Nf3 d5 4. Nc3 Bb4 5. e3 0-0 6. Bd2 b6 7. cxd5 exd5 8. Rc1 Bb7 9. Bd3 Re8 10. Nb5 Bxd2+ 11. Qxd2 c6 12. Nc3 Nbd7 13. 0-0 Qe7 14. a3 c5 15. dxc5 bxc5 16. Rfe1 Nf8 17. Na4 Ne6 18. b4 c4 19. Bb1 a5 20. Nb2 axb4 21. axb4 Ra3 22. e4 Nxe4 23. Bxe4 dxe4 24. Nxc4 Rd3 25. Qc2 Qxb4 26. Rb1 Qe7 27. Nfe5 Rdd8 28. Na5 Nd4 29. Qc4 Ba8 30. Nec6 Nxc6 31. Nxc6 Qc7 32. Rec1 Bxc6 33. Rf1 Rc8 0-1

[Event "Paracin op-A 15th"]
[Site "Paracin"]
[Date "2022.07.09"]
[Round "2"]
[White "Teo, Hong Ming"]
[Black "Mohota, Nisha"]
[Result "0-1"]
[WhiteElo "1898"]
[BlackElo "2148"]
[PlyCount "78"]
[EventDate "2022.07.08"]
[EventType "swiss"]
[EventRounds "9"]
[EventCountry "SRB"]
[SourceTitle "EXT 2023"]
[Source "ChessBase"]
[SourceDate "2022.10.05"]
[SourceVersion "1"]
[SourceVersionDate "2022.10.05"]
[SourceQuality "1"]

1. d4 f5 2. c4 Nf6 3. g3 g6 4. Bg2 Bg7 5. Nf3 0-0 6. 0-0 d6 7. Nc3 Nc6 8. d5 Na5 9. Qd3 c5 10. b3 a6 11. Bb2 Rb8 12. Ng5 Bd7 13. Ne6 Bxe6 14. dxe6 Nc6 15. Nd5 Nh5 16. Bxg7 Nxg7 17. e4 Nxe6 18. exf5 gxf5 19. Rfe1 Ned4 20. Rad1 e5 21. f4 e4 22. Qc3 Qd7 23. Kh1 Qg7 24. a3 Rbe8 25. Ne3 Re6 26. g4 fxg4 27. f5 Nxf5 28. Qxg7+ Nxg7 29. Nxg4 Rf4 30. Bxe4 Rxg4 31. Bd5 Nd4 32. Rxd4 Rxd4 33. Bxe6+ Nxe6 34. Rxe6 Rd3 35. b4 Rxa3 36. Rxd6 cxb4 37. Rb6 a5 38. Rxb7 Rc3 39. Ra7 b3 0-1

[Event "Novi Sad Serbia op-B"]
[Site "Novi Sad"]
[Date "2022.07.01"]
[Round "4"]
[White "Gusev, Mikhail"]
[Black "Teo, Hong Ming"]
[Result "0-1"]
[WhiteElo "1976"]
[BlackElo "1850"]
[PlyCount "62"]
[EventDate "2022.06.28"]
[EventType "swiss"]
[EventRounds "9"]
[EventCountry "SRB"]
[SourceTitle "EXT 2023"]
[Source "ChessBase"]
[SourceDate "2022.10.05"]
[SourceVersion "1"]
[SourceVersionDate "2022.10.05"]
[SourceQuality "1"]

1. d4 d5 2. c4 e6 3. Nf3 Nf6 4. Nbd2 c5 5. cxd5 exd5 6. dxc5 Bxc5 7. Nb3 Bb6 8. e3 0-0 9. Be2 Re8 10. 0-0 Nc6 11. Nbd4 Ne4 12. Qd3 Qd6 13. a3 a6 14. b4 Bc7 15. Rd1 Ne5 16. Nxe5 Qxe5 17. f4 Qd6 18. Bb2 Bb6 19. Bf3 Bd7 20. Nc2 Qxf4 21. Bd4 Bxd4 22. Qxd4 Qh4 23. g3 Qh6 24. Bxe4 Rxe4 25. Qxd5 Bc6 26. Qd3 Rae8 27. a4 Qg5 28. Rf1 h5 29. Qd6 h4 30. Qc7 f6 31. Kf2 Rc4 0-1

[Event "Veliko Gradiste Silver Lake op-A"]
[Site "Veliko Gradiste"]
[Date "2022.06.25"]
[Round "8"]
[White "Renganayaki, Venkatesh"]
[Black "Teo, Hong Ming"]
[Result "1/2-1/2"]
[WhiteElo "1967"]
[BlackElo "1850"]
[PlyCount "54"]
[EventDate "2022.06.19"]
[EventType "swiss"]
[EventRounds "9"]
[EventCountry "SRB"]
[SourceTitle "CBM 209 Extra"]
[Source "ChessBase"]
[SourceDate "2022.09.30"]
[SourceVersion "1"]
[SourceVersionDate "2022.09.30"]
[SourceQuality "1"]

1. c4 e6 2. Nf3 d5 3. d4 Nf6 4. Nc3 a6 5. cxd5 exd5 6. Bg5 Be6 7. e3 Nbd7 8. Bd3 c6 9. 0-0 Bd6 10. Qc2 Qc7 11. Bf5 Bxf5 12. Qxf5 0-0 13. Rac1 h6 14. Bh4 g6 15. Qd3 Rae8 16. Rfe1 Qb8 17. e4 dxe4 18. Nxe4 Nxe4 19. Rxe4 Rxe4 20. Qxe4 Re8 21. Qg4 Nb6 22. Bf6 Nd5 23. Be5 Nb4 24. Ra1 Bxe5 25. Nxe5 Kg7 26. Qd1 Rf8 27. h4 Qc8 1/2-1/2

[Event "Veliko Gradiste Silver Lake op-A"]
[Site "Veliko Gradiste"]
[Date "2022.06.24"]
[Round "7"]
[White "Teo, Hong Ming"]
[Black "Manakova, Maria"]
[Result "0-1"]
[WhiteElo "1850"]
[BlackElo "2278"]
[PlyCount "33"]
[EventDate "2022.06.19"]
[EventType "swiss"]
[EventRounds "9"]
[EventCountry "SRB"]
[SourceTitle "CBM 209 Extra"]
[Source "ChessBase"]
[SourceDate "2022.09.30"]
[SourceVersion "1"]
[SourceVersionDate "2022.09.30"]
[SourceQuality "1"]

1. d4 Nf6 2. c4 g6 3. Nc3 d5 4. Nf3 Bg7 5. Qb3 dxc4 6. Qxc4 a6 7. e4 b5 8. Qb3 Bb7 9. e5 Nd5 10. Be2 0-0 11. 0-0 Nxc3 12. bxc3 c5 13. dxc5 Nd7 14. e6 Ne5 15. exf7+ Rxf7 16. Ba3 Be4 17. Nd4 0-1

[Event "Veliko Gradiste Silver Lake op-A"]
[Site "Veliko Gradiste"]
[Date "2022.06.19"]
[Round "1"]
[White "Teo, Hong Ming"]
[Black "Tyurin, Artem"]
[Result "0-1"]
[WhiteElo "1850"]
[BlackElo "2174"]
[PlyCount "40"]
[EventDate "2022.06.19"]
[EventType "swiss"]
[EventRounds "9"]
[EventCountry "SRB"]
[SourceTitle "CBM 209 Extra"]
[Source "ChessBase"]
[SourceDate "2022.09.30"]
[SourceVersion "1"]
[SourceVersionDate "2022.09.30"]
[SourceQuality "1"]

1. d4 Nf6 2. c4 e6 3. Nc3 Bb4 4. e3 0-0 5. Bd2 c5 6. a3 Bxc3 7. Bxc3 Ne4 8. Ne2 b6 9. dxc5 bxc5 10. Qc2 f5 11. f3 Nxc3 12. Nxc3 Ba6 13. Qa4 f4 14. exf4 Rxf4 15. 0-0-0 Qb6 16. Be2 Nc6 17. Rd6 Rb8 18. Nd1 Bc8 19. Qc2 Qc7 20. Rd2 Nd4 0-1

[Event "Penang op 11th"]
[Site "Penang"]
[Date "2019.12.10"]
[Round "3"]
[White "Teo, Hong Ming"]
[Black "Teh, Rui Gen"]
[Result "1-0"]
[WhiteElo "1653"]
[BlackElo "1498"]
[PlyCount "65"]
[EventDate "2019.12.09"]
[EventType "swiss"]
[EventRounds "9"]
[EventCountry "MAS"]
[SourceTitle "CBM 193 Extra"]
[Source "ChessBase"]
[SourceDate "2020.01.31"]
[SourceVersion "1"]
[SourceVersionDate "2020.01.31"]
[SourceQuality "1"]

1. Nf3 c5 2. g3 Nf6 3. Bg2 g6 4. 0-0 Bg7 5. c4 0-0 6. d4 cxd4 7. Nxd4 Nc6 8. Nc2 d6 9. Nc3 Be6 10. b3 d5 11. cxd5 Nxd5 12. Nxd5 Bxa1 13. Nxa1 Qd7 14. Nc2 Rfd8 15. e4 Bh3 16. Bb2 Bxg2 17. Kxg2 f5 18. Qc1 Rf8 19. Qh6 Rf7 20. Kg1 Raf8 21. exf5 Qxf5 22. Nce3 Qe4 23. Nf4 Ne5 24. Bxe5 Qxe5 25. Ng4 Qd4 26. Qg5 Rxf4 27. gxf4 Rxf4 28. h3 Rf3 29. Qxe7 Rg3+ 30. Kh2 Rxg4 31. Qe6+ Kg7 32. hxg4 Qf4+ 33. Kg2 1-0